000 00815nam a2200241 a 4500
001 000015555
005 20200929164056.0
008 100212s2009 pr 000 0 spa d
020 _a9789945455267
040 _aDO-SdBNP
_bspa
_cBNPHU
082 _aPR863.44
_bR789c
100 1 _aRosario, Yvonne Denis,
_d1967-
_935095
245 1 0 _aCapá prieto /
_cYvonne Denis Rosario ; prólogo Marie Ramos Rosado.
260 _aSan Juan, Puerto Rico :
_bIsla Negra,
_c2009.
300 _a113 p. :
_b22 cm.
490 1 _aEl rostro de la máscara
650 4 _aCuentos puertorriqueños
_9249
650 4 _aLiteratura puertorriqueña
_9250
700 1 _aRamos Rosado, Marie
_epról.
_922424
700 1 _aAusente, Lucinda
_911862
830 3 _aEl rostro de la máscara
_935096
910 _aValidado. Control de calidad MMOLINA
999 _c15111
_d15111